zapiski zawiszaka /

Αποθηκεύτηκε σε:
Λεπτομέρειες βιβλιογραφικής εγγραφής
Συγγραφή απο Οργανισμό/Αρχή: Czytelnik
Μορφή: Ηλεκτρονική πηγή
Γλώσσα:Πολωνικά
Έκδοση: Warszawa : "Czytelnik", 1979.
Έκδοση:[Wyd. 3 uzup.].
Θέματα:
Ετικέτες: Προσθήκη ετικέτας
Δεν υπάρχουν, Καταχωρήστε ετικέτα πρώτοι!

MARC

LEADER 00000am|aa2200000i||4500
001 991015075759705066
005 20260515140227.0
008 260426t pl ||||| |||| 00| u pol d
035 |a 991015075759705066 
035 |a (PL-WaBN)b14049843-48omnis_nlop 
035 |a b14049843 
035 |a (OCoLC)69283787 
035 |a zz2006827102 
035 |a (PL)b0000001404984 
035 |a (EXLNZ-48OMNIS_NETWORK)9910158853505606 
040 |a WA N  |c WA N  |d WA N  |d OLSZT 003 
041 0 |a pol 
080 |a 943.8.082.218:[656.8:329.78:929](438)"19" 
090 |c 88  |d 87 
245 1 0 |b zapiski zawiszaka /  |c Jerzy Kasprzak. 
250 |a [Wyd. 3 uzup.]. 
260 |a Warszawa :  |b "Czytelnik",  |c 1979. 
300 |a 211, [1] s., [16] k. tabl. :  |b il., portr. ;  |c 20 cm. 
500
600 1 7 |a Kasprzak, Jerzy  |d (1929- ) 
610 2 7 |a Zawisza (organizacja) 
650 7 |a Powstanie warszawskie (1944) 
650 7
650 7 |a Poczta polowa 
651 |a Warszawa (Polska)  |y 1944 (Powstanie Warszawskie) 
651 7 |a Polska 
710 2 |a Czytelnik 
942 |c K 
952 |0 0  |1 0  |4 0  |6 R__69_000000000000000  |7 0  |9 85  |a RYT  |b RYT  |d 2026-04-26  |e 1/2026  |g 10.00  |l 0  |o R.69  |p 2000000000695  |r 2026-05-15 14:02:27  |w 2026-05-15  |y BK  |z da 
999 |c 85  |d 85